logo

Bir Sreshtho Munshi Abdur Rouf Library
Jhenaidah Cadet College

আন্তর্জাতিক রাজনীতিকোষ / (Record no. 11329)

MARC details
000 -LEADER
fixed length control field 00780nam a2200229 a 4500
001 - CONTROL NUMBER
JCCL Control Number 11329
003 - CONTROL NUMBER IDENTIFIER
JCCL marc code BD-JhCC
005 - DATE AND TIME OF LATEST TRANSACTION
control field 20190827125054.0
008 - FIXED-LENGTH DATA ELEMENTS--GENERAL INFORMATION
fixed length control field 190626s 2018bg |||| ||a| 000 0 ben d
020 ## - INTERNATIONAL STANDARD BOOK NUMBER
International Standard Book Number 9789849270478
035 ## - SYSTEM CONTROL NUMBER
system control number (BD-JhCC)11329
040 ## - CATALOGING SOURCE
Original cataloging agency BD-JhCC
Modifying agency BD-JhCC
041 ## - LANGUAGE CODE
Language code of Book ben
082 ## - DEWEY DECIMAL CLASSIFICATION NUMBER
Author mark and Year REH 2018
Classification number 327.03
100 ## - MAIN ENTRY--PERSONAL NAME
Personal name রেহমান, তারেক শামসুর
245 ## - TITLE STATEMENT
Title আন্তর্জাতিক রাজনীতিকোষ /
Statement of responsibility, etc তারেক শামসুর রেহমান ।
260 ## - PUBLICATION, DISTRIBUTION, ETC. (IMPRINT)
Place of publication, distribution, etc ঢাকা:
Name of publisher, distributor, etc শোভা প্রকাশ;
Date of publication, distribution, etc ২০১৮.
300 ## - PHYSICAL DESCRIPTION
Pagination ২২২ পৃ. :
Dimensions ২২ সেমি.
650 ## - SUBJECT ADDED ENTRY--TOPICAL TERM
Topical term or geographic name as entry element International Politics
General subdivision Glossary
942 ## - ADDED ENTRY ELEMENTS (KOHA)
Source of classification or shelving scheme Dewey Decimal Classification
Koha item type Books
Holdings
Source of classification or shelving scheme Damaged status Not for loan Home library Current library Shelving location Date of accession Cost, normal purchase price Total Checkouts Full call number Barcode Date last seen Copy number Koha item type
Dewey Decimal Classification     JCC Rouf Library JCC Rouf Library General Stacks 06/26/2019 234.00   327.03 REH 2018 15424 08/26/2019 C-1 Books

JCC Library | Contacts | JCC Home

Last Update on 23 September 2017
Copyright @ 2017-2020 JCC Rouf Library
Rouf Library, Jhenidah Cadet College (JCC), Bangladesh